000 00643nam a22002292a 4500
001 25163
003 BD-RjUL
005 20211209050836.0
008 140316s1955 enka 000 0 eng u
035 _a(BD-RjUL)25232
040 _aKSU
_dUKM
_dGZM
_dEQO
_beng
_cBD-RjUL
041 _aeng
082 _a915.4
_218
_bHAI
100 1 _aHartog, Mabel Hélène Kisch,
_977404
245 1 0 _aIndia :
_bnew pattern /
_cForeword by Lord Hailey
260 _aLondon :
_bAllen & Unwin,
_c1955.
300 _a158 p. :
_bill. ;
_c23 cm
651 0 _aIndia
_xSocial conditions
_977405
942 _2ddc
_cBK
999 _c25163
_d25163